Libro del orden de caballería : príncipes y juglares / Raimundo Lulio

Salvato in:
Dettagli Bibliografici
Autore principale: Lulio, Raimundo (autor)
Natura: Libro
Edizione:2a ed.
Serie:Austral ; 889
Soggetti:
Tags: Aggiungi Tag
Nessun Tag, puoi essere il primo ad aggiungerne!!

MARC

LEADER 00000nam^a2200000^u^4500
001 000550426
005 20250521000000.0
008 060220s1000^^^^^^^^^^^^r^^^^^000^0^spa^d
009 20260310131535.249
035 |a FMI 000020205 
037 |a Acervo Xavier Clavigero 
096 |a 2.2/889/B 
100 |a Lulio, Raimundo  |e (autor) 
245 1 0 |a Libro del orden de caballería : príncipes y juglares / Raimundo Lulio 
250 |a 2a ed. 
264 |a Buenos Aires : Espasa-Calpe, 1949 
300 |a 147 p. 
336 |a texto  |b txt  |2 rdacontenido 
337 |a sin mediación  |b n  |2 rdamedio 
338 |a volumen  |b nc  |2 rdasoporte 
440 0 |a Austral ; 889 
649 |a XX 
650 |a Novela 
910 |a Fondo Francisco Migoya Covarrubias S.J. 
920 |a Impresos - Libros 
930 |a Fondos Especiales 
905 |a 134 
901 |a SBC10004  |b IT2  |c ESP  |u 20250521 
902 |a https://opac.biblio.iteso.mx/vufind/Record/000550426